000 00276nam a22001217a 4500
008 170502b xxu||||| |||| 00| 0 eng d
041 _aeng
080 _a341
100 _a13
101 _aSHJ
245 _aE DRETA NE MOSISKRIMIN NE KONTESTET
_cBERISHA.Q
942 _2udc
_cBK
999 _c12408
_d12408